000 00775nam a22001937a 4500
999 _c371260
_d371260
008 201127b ||||| |||| 00| 0 eng d
040 _aDE-2950
_bger
_cDE-2950
_erda
041 _ager
100 _aTargiel, Ralf-Rüdiger:
245 _aChronist der Stadtentwicklung.
_bNachruf: Trauer um Fotografenmeister Martin Fricke, letzter Inhaber des traditionsreichen Frankfurter Foto-Ateliers /
_cRalf-Rüdiger Targiel
264 _c2021
653 _aFricke, Martin. Fotografenmeister, 08.03.1939 - 18.12.2021
653 _aNachruf
773 _dFrankfurt (Oder) Märkisches Verlags- und Druckhaus GmbH & Co KG
_tMärkische Oderzeitung
_g32. Jahrgang (2021) Nr. 298 vom 21.12.2021, S. 16
942 _cA